Catalog

Record Details

Catalog Search



Available copies

  • 2 of 2 copies available at LARL/NWRL Consortium.
  • 2 of 2 copies available at Lake Agassiz Regional Library. (Show preferred library)

Current holds

0 current holds with 2 total copies.

Show Only Available Copies
Location Call Number / Copy Notes Barcode Shelving Location Status Due Date
Crookston Public Library NOV (Text) 33500010469344 Main Available -
Moorhead Public Library NOV (Text) 33500010469336 Main Available -

Record details

  • ISBN: 9780307236937 (alk. paper)
  • ISBN: 0307236935 (alk. paper)
  • Physical Description: p. cm.
  • Edition: 1st ed.
  • Publisher: New York : Shaye Areheart Books, 2010.
Subject: Prostitutes > Fiction.
People with disabilities > Fiction.
Serial murders > Fiction.
Berlin (Germany) > Fiction.
Germany > History > 1933-1945 > Fiction.
Genre: Historical fiction.
Mystery fiction.
LDR 01220cam a22003738a 4500
001112237
003LARL_NWRL_CONSORTIUM
00520100106164711.0
008090609s2010 nyu b 001 1 eng
010 . ‡a2009023689
020 . ‡a9780307236937 (alk. paper)
020 . ‡a0307236935 (alk. paper)
035 . ‡a(OCoLC)387792189
040 . ‡aDLC ‡cDLC ‡dBTCTA ‡dYDXCP
043 . ‡ae-gx---
08200. ‡a813/.54 ‡222
1001 . ‡aNova, Craig. ‡0(LARL_NWRL_CONSORTIUM)71655
24514. ‡aThe informer / ‡cCraig Nova.
250 . ‡a1st ed.
260 . ‡aNew York : ‡bShaye Areheart Books, ‡c2010.
300 . ‡ap. cm.
650 0. ‡aProstitutes ‡vFiction. ‡0(LARL_NWRL_CONSORTIUM)166699
650 0. ‡aPeople with disabilities ‡vFiction. ‡0(LARL_NWRL_CONSORTIUM)166645
650 0. ‡aSerial murders ‡vFiction. ‡0(LARL_NWRL_CONSORTIUM)167273
651 0. ‡aBerlin (Germany) ‡vFiction. ‡0(LARL_NWRL_CONSORTIUM)163717
651 0. ‡aGermany ‡xHistory ‡y1933-1945 ‡vFiction. ‡0(LARL_NWRL_CONSORTIUM)168461
655 0. ‡aHistorical fiction.
655 7. ‡aMystery fiction. ‡2gsafd
901 . ‡a112237 ‡bOCLC ‡c112237 ‡tbiblio

Additional Resources